Letters and papers from prison
Guardat en:
| Autor principal: | |
|---|---|
| Format: | Llibre |
| Idioma: | anglès |
| Publicat: |
Nueva York
The Macmillan
1967
|
| Edició: | 3a. ed |
| Matèries: | |
| Etiquetes: |
Afegir etiqueta
Sense etiquetes, Sigues el primer a etiquetar aquest registre!
|
MARC
| LEADER | 00000nam a2200000 a 4500 | ||
|---|---|---|---|
| 001 | UCZ5360 | ||
| 003 | CL-VaPUC | ||
| 008 | 951117e19670000US |||||||||||||||||eng|d | ||
| 082 | 0 | 4 | |a 210 |b BON |2 21 |
| 100 | |a Bonhoeffer, Dietrich, |d 1906-1945 |e autor |9 349305 | ||
| 245 | 1 | 0 | |a Letters and papers from prison |
| 250 | |a 3a. ed | ||
| 300 | |a 240 p | ||
| 942 | |c BK | ||
| 945 | |d 19951117 00:00:00 |a lriquelm | ||
| 260 | |a Nueva York |b The Macmillan |c 1967 | ||
| 650 | 0 | |a Teología |9 258766 | |
| 650 | 0 | |a Filosofía cristiana |9 265980 | |
| 650 | 0 | |a Creencia Religiosa |9 316904 | |
| 650 | 0 | |a Correspondencia |9 258963 | |
| 650 | 0 | |a Experiencia religiosa |9 315549 | |
| 583 | |a last modification |c 20151117 18:49:42 |k Rodrigo Vera | ||
| 999 | |c 241678 |d 241676 | ||
| 952 | |0 0 |1 0 |4 0 |6 210_000000000000000_BON_1967 |7 0 |8 P |9 254077 |a BIBEDU |b BIBEDU |c BIBEDU_PB |d 2019-11-19 |i 1571923 |o 210 BON 1967 |p 1571923 |r 2024-01-25 |w 2019-11-19 |y BK |k FIL | ||